01640nam a2200229Ia 450000500170000000800410001702000180005804000080007605000190008410000370010324500690014026000570020930000360026633600120030233700100031433800140032450401380033850508650047665000200134165000260136165000230138720231102151937.0120622s20112009mx a 000 0 spa d a9786077743040 dRDA aRB145 A75 199810aRUÍZ Argüelles, Guillermo J.10aFundamentos de hematología c/ Guillermo J. Ruíz Argüelles aMéxico b: Editorial Médica Panamericanac, 1998 a382 páginasb: ilustraciones avolumen atexto asin medio 6Incluye : glosario p. 323-333 ; índice analítico p. 335-342 Reimpresiones : primera reimpresión de la 4a. edición, julio 2011 aHematopoyesis Interpretación de la Citometría hemática, índices y parámetros eitrocíticos.Definición de anemia Anemia por deficiencia en hierro Anemias megaloblásticas Anemias hemolíticas, generalidades Anemias hemolíticas causadas por trastornos de la membrana eritrocítica Hemoglobinopatías y talasemias Anemias hemolitícas por alteraciones en enzimas eritrocíticas Anemias hemolitícas inmunológicas Hipoplasias y displasias medulares Anemias secundarias a padecimientos no hematológicos Leucemias agudas Leucemias crónicas Neoplasias mieloproliferativas crónicas Linfomas Linfomas de hodgkin Padecimientos inmunoproliferativos malignos Mecanismos hemostáticos Plaquetas y púrpuras trombocitopénicas Coagulopatías hereditarias Trombofilia Terapéutica transfusional Trasplantes de células hematopoyéticas14a HEMATOLOGÍA 24aSANGRE xENFERMEDADES34aSANGRExANÁLISIS